Statistiques concernant Coupe du Monde Rugby 2019

Cliquez ici pour prendre le quiz!

Statistiques générales

  • Ce quiz a été pris 144 fois
  • Le résultat moyen est 18 sur 20

Statistiques - réponses

Answer % Correct
France
100%
Angleterre
99%
Nouvelle-Zélande
98%
Japon
98%
Australie
98%
Argentine
98%
Italie
98%
Irlande
97%
Ecosse
97%
Afrique du Sud
97%
Fidji
95%
Samoa
94%
Galles
94%
Etats-Unis
91%
Tonga
91%
Canada
86%
Namibie
81%
Russie
80%
Géorgie
72%
Uruguay
61%

Distribution des résultats

Percentile by Number Answered

% des personnes avec chaque résultat

Votre développement - résultats

Vous n’avez pas pris ce quiz